| 000 | 00468nam a2200157 i 4500 | ||
|---|---|---|---|
| 001 | 78468 | ||
| 003 | ES-MaACL | ||
| 005 | 20230906173719.0 | ||
| 007 | t| | ||
| 008 | 041014s1939 gw ||||1| ger d | ||
| 100 | 1 |
_aHahnn, Konrad. _961480 |
|
| 245 | 1 | 0 |
_aDeutsche Bauernmöbel / _cKonrad Hahm. |
| 260 |
_aJena : _bEugen Diederichs, _c[1939] ( _eLeipzig : _fErnst Hedrich Nachf) |
||
| 300 |
_a33 p., 131 lám. : _bil. ; _c28 cm. |
||
| 852 |
_aES-MaACL _jF-15583 _bR.19083 |
||
| 999 |
_c78468 _d78468 |
||